| 000 | 01641nam a2200409 c 4500 | ||
|---|---|---|---|
| 999 |
_c107249 _d107249 |
||
| 003 | BLK | ||
| 005 | 20250715125437.0 | ||
| 008 | 180409b bul|||||r ||||||| ||bul|| | ||
| 010 | _aKNG00112525000 | ||
| 020 | _a954-736-024-8 | ||
| 040 | _aBLK | ||
| 041 |
_aBUL _cBUL |
||
| 080 |
_aАвстрийска литература _b821.112(436) _x-84 _z821.112(436)-84 |
||
| 100 |
_aКанети, Елиас _d1905 - 1994 _gАвстрийски писател - нобелист, роден в Русе _eпърви автор _9367554 |
||
| 139 |
_aКанети, Елиас _bК 25 |
||
| 245 | 1 | 0 |
_aТайното сърце на часовника _bЗаписки 1973 - 1985 _cЕлиас Канети; прев. от нем. Пенка Емилова Ангелова; прев. от нем. Ана Стоева Димова. |
| 257 | _aAUT | ||
| 260 |
_bПик _c1999 _fВ. Търново : Абагар |
||
| 300 |
_a160 с. _c22 см |
||
| 380 | _aX | ||
| 490 | 1 | _aБиблиотека Елиас Канети | |
| 500 | _aБез сведение за ориг. загл. - Офс. изд. | ||
| 653 | _aмаксими | ||
| 653 | _aафоризми | ||
| 653 | _aсентенции | ||
| 659 | _aК | ||
| 700 | 1 |
_aАнгелова, Пенка Емилова _eпрев. от нем. _9364138 |
|
| 700 | 1 |
_aДимова, Ана Стоева _eпрев. от нем. _9241586 |
|
| 852 | _aЦб 219127 | ||
| 852 | _aК 821/К 25 Е | ||
| 856 | 4 | _qpdf | |
| 856 | 4 | _qpdf | |
| 942 |
_cKNG _n0 _s1 _01 |
||
| 944 |
_aCR _c22.04.2004 _k30558 _lВаля Йорданова |
||
| 944 |
_aED _c23.04.2004 |
||
| 999 | _d107249 | ||